banner koha

Photosynthetic response of umbu trees to vapor pressure deficit (Registro n. 299562)

MARC details
000 -LÍDER
fixed length control field 02965nab a2200313 i 4500
003 - CÓDIGO MARC DA AGÊNCIA CATALOGADORA
Campo de controle BR-BrBNA
005 - DATA E HORA DA ÚLTIMA ATUALIZAÇÃO
Campo de controle 20240513140559.0
008 - CAMPO DE TAMANHO FIXO
fixed length control field 240513b2022 bl.ar|pooa||| 00| 0 eng |
040 ## - FONTE DA CATALOGAÇÃO
Agência catalogadora BR-BrBNA
Idioma da catalogação eng
072 ## - CATEGORIA AGRIS
Código AGRIS F60
Código do objeto 1190
072 ## - CATEGORIA AGRIS
Código AGRIS F61
100 ## - ENTRADA PRINCIPAL - NOME PESSOAL
Nome pessoal Donato, Sérgio Luiz Rodrigues
100 ## - ENTRADA PRINCIPAL - NOME PESSOAL
Nome pessoal Pires, Ednei de Souza
100 ## - ENTRADA PRINCIPAL - NOME PESSOAL
Nome pessoal Arantes, Alessandro de Magalhães
100 ## - ENTRADA PRINCIPAL - NOME PESSOAL
Nome pessoal Barros, Beatriz Lima
245 ## - TÍTULO PRINCIPAL
Título principal Photosynthetic response of umbu trees to vapor pressure deficit
500 ## - NOTA GERAL
Nota geral Publicação on-line; 12 ref.; 2 tables; Summaries (En, Pt)
942 ## - ADDED ENTRY ELEMENTS (KOHA)
Koha item type
520 ## - NOTA DE RESUMO
Nota de conteúdo <br/>Abstract – The objective of this work was to evaluate the photosynthetic<br/>response to vapor pressure deficit (VPD) in umbu (Spondias tuberosa) tree<br/>accessions. The experiment was carried out in a completely randomized<br/>design in a 5×7×2 factorial arrangement (five umbu accessions – BRS-68,<br/>EPAMIG-05, BGU-61, BGU-75, and BGU-50 –, seven evaluation times,<br/>and two reading times – at 8 a.m. and 2 p.m.) in split-split plots in time.<br/>Leaf temperature increased with air temperature. The variation of stomatal<br/>conductance and transpiration with the VPD was not significant. Net<br/>photosynthesis rate, carboxylation efficiency, and instantaneous water-use<br/>efficiency decreased with increasing VPD in all accessions, except in BRS-68,<br/>whose rates remained positive.<br/><br/><br/>Index terms: Spondias tuberosa, carboxylation efficiency, correlation,<br/>ecophysiology, giant umbu.
520 ## - NOTA DE RESUMO
Nota de conteúdo <br/>Resumo – O objetivo deste trabalho foi avaliar a resposta fotossintética<br/>ao deficit de pressão de vapor (DPV) em acessos de umbuzeiro (Spondias<br/>tuberosa). O experimento foi conduzido em delineamento experimental<br/>inteiramente casualizado, em arranjo fatorial 5×7×2 (cinco acessos de<br/>umbuzeiro – BRS-68, EPAMIG-05, BGU-61, BGU-75 e BGU-50 –, sete<br/>épocas de avaliação e dois momentos de leitura – às 8h e às 14h), em parcelas<br/>subsubdivididas no tempo. A temperatura foliar aumentou com a temperatura<br/>do ar. A variação da condutância estomática e da transpiração com o DPV<br/>não foi significativa. A fotossíntese líquida, a eficiência de carboxilação e a<br/>eficiência instantânea do uso da água decresceram com o aumento do DPV<br/>em todos os acessos, exceto no BRS-68, cujas taxas se mantiveram positivas.<br/><br/><br/>Termos para indexação: Spondias tuberosa, eficiência de carboxilação,<br/>correlação, ecofisiologia, umbu-gigante.
650 ## - ASSUNTO - THESAGRO
Cabeçalho tópico ou nome geográfico UMBU
650 ## - ASSUNTO - THESAGRO
Cabeçalho tópico ou nome geográfico FRUTA TROPICAL
650 ## - ASSUNTO - THESAGRO
Cabeçalho tópico ou nome geográfico FISIOLOGIA VEGETAL
650 ## - ASSUNTO - THESAGRO
Cabeçalho tópico ou nome geográfico TROCA GASOSA
650 ## - ASSUNTO - THESAGRO
Cabeçalho tópico ou nome geográfico FOTOSSÍNTESE
773 0# - ENTRADA ANALÍTICA
Host Biblionumber 920
Registro do item 25802
Imprenta Brasília-DF Empresa Brasileira de Pesquisa Agropecuária - EMBRAPA 1966-
Outro identificador 2023-436358
Título Pesquisa Agropecuária Brasileira (Brazil)
ISSN 0100-204X
Colação v. 57 p. 1-4; (2022)
Número de controle de registro BR2024000664
856 ## - ACESSO E ENDEREÇO ELETRÔNICO
Identificador uniforme de recurso - URI https://www.scielo.br/j/pab/a/Y7TL99BJvgL4j6HS376ytDL/?format=pdf&lang=en

Nenhum exemplar disponível.

BINAGRI

Telefone: (61)3218-2567/2388/3357/2097 - binagri@agro.gov.br

Ministério da Agricultura e Pecuária , Esplanada dos Ministérios, Bloco D, Anexo B, Brasília/DF, CEP: 70.043-900